Name These 500 K-Pop Idols - Statistics

General Stats
  • This quiz has been taken 757 times
  • The average score is 173 of 500
Answer Stats
Answer % Correct
J
100%
V
96%
Jennie
95%
Jun
95%
Min
95%
Rosé
95%
Jin
94%
Jisoo
94%
K
94%
Lisa
94%
Jungkook
93%
Jimin
92%
Rm
91%
Suga
91%
J-Hope
90%
San
90%
Chen
88%
Han
87%
Jo
87%
Chan
86%
I.N
86%
Karina
85%
Winter
85%
Bang Chan
84%
Felix
84%
Soeun
84%
Ningning
83%
Giselle
82%
Yuna
82%
Hyunjin
81%
Kai
81%
Momo
81%
E:U
80%
Jay
80%
Niki
80%
Changbin
79%
Nayeon
78%
Soobin
78%
Yeji
78%
Jake
77%
Mina
77%
Sana
77%
Tzuyu
77%
Lee Know
76%
Yeonjun
76%
Jihyo
75%
Seungmin
75%
Wonyoung
75%
Heeseung
74%
Irene
74%
Lia
74%
Sakura
74%
Sungho
73%
Beomgyu
72%
Seulgi
72%
Taehyun
72%
Wendy
72%
Chaewon
71%
Dahyun
71%
Huening Kai
71%
Bae
70%
Chaeyoung
70%
Danielle
70%
Hwasa
70%
Jungwon
70%
Ryujin
70%
Sunghoon
70%
Sunoo
70%
Yujin
70%
Joy
69%
S.Coups
69%
Yuqi
69%
Ahyeon
68%
DK
68%
Minnie
68%
Yunjin
68%
Chaeryeong
67%
G-Dragon
67%
Hoshi
67%
Jeongyeon
67%
Mark
67%
Soyeon
67%
Woozi
67%
Vernon
66%
Asa
65%
Dino
65%
D.O
65%
Eunchae
65%
Kazuha
65%
Mingyu
65%
The8
65%
Chiquita
64%
Hanni
64%
Liz
64%
Joshua
63%
Julie
63%
Lily
63%
Minji
63%
Moonbin
63%
Natty
63%
Yeri
63%
Rei
62%
Shuhua
62%
Belle
61%
Miyeon
61%
Solar
61%
Jiwoo
60%
Pharita
60%
Rami
60%
Wonhee
60%
Gaeul
59%
Ruka
59%
Jaehyun
58%
Leeseo
58%
Hyein
57%
Seungkwan
57%
Wonwoo
57%
Haerin
56%
Iroha
56%
Mingi
56%
Minju
56%
Taemin
56%
Jeonghan
55%
Moka
55%
Eunwoo
54%
Wooyoung
54%
Moonbyul
53%
Rora
53%
Baekhyun
51%
Minho
51%
Wheein
51%
Yunah
51%
Jackson
50%
Haewon
49%
Key
49%
Taeyong
49%
Yunho
49%
Yuri
49%
Johnny
48%
Ricky
48%
Sullyoon
48%
CL
47%
Suho
47%
Taeyang
47%
Haneul
46%
Jongho
46%
Yeosang
46%
Ten
45%
Chanyeol
44%
Hongjoong
44%
Sehun
44%
Taeyeon
44%
Xiumin
44%
Bambam
43%
Chaeyeon
43%
Jisun
43%
Seonghwa
43%
Winwin
43%
Yoon
43%
Chenle
42%
Daesung
42%
Haechan
42%
Lay
42%
I.M
41%
Kyujin
41%
Taeil
41%
Shotaro
40%
Yuta
40%
Anton
39%
Bom
39%
Jaemin
39%
Jonghyun
39%
Xiaojun
39%
Jeno
38%
Doyoung
37%
Hanbin
37%
Jisung
37%
Matthew
37%
Onew
37%
Somi
37%
Tiffany
37%
Yangyang
37%
Yena
37%
Zhang Hao
37%
Hendery
36%
Jungwoo
36%
Wonbin
36%
Sungchan
35%
Renjun
34%
Sunny
34%
Eric
33%
Eunbi
33%
Sohee
33%
BM
32%
Dara
32%
Q
32%
Yoona
32%
Eunha
31%
Kun
31%
Mj
30%
Sakuya
30%
Seunghan
30%
SinB
30%
Sumin
30%
Yves
30%
Kim Lip
29%
Sulli
29%
TaeRae
29%
Umji
29%
Arin
28%
Bobby
28%
Gyuvin
28%
Jinjin
28%
Jiwoong
28%
Leehan
28%
Sanha
28%
Seeun
28%
Cocona
27%
Gunwook
27%
Jinyoung
27%
Riku
27%
Hyoyeon
26%
Isa
26%
Kevin
26%
Krystal
26%
Ryo
26%
Sieun
26%
Sion
26%
Taesan
26%
Yugyeom
26%
Amber
25%
Eunseok
25%
Hitomi
25%
Hyuna
25%
SuA
25%
Jay B
24%
Nancy
24%
Sunwoo
24%
Vivi
24%
Xiaoting
24%
Choerry
23%
Dami
23%
JiU
23%
May
23%
Riwoo
23%
Seohyun
23%
Sooyoung
23%
Woonhak
23%
Jacob
22%
Minhyuk
22%
Shownu
22%
Tsuki
22%
Yushi
22%
Heejin
21%
Maki
21%
Nako
21%
Suzy
21%
Haseul
20%
Jinsoul
20%
Luna
20%
Mia
20%
Victoria
20%
Young K
20%
Go Won
19%
Hikaru
19%
Huening Bahiyyih
19%
Hyewon
19%
Jaehee
19%
Juyeon
19%
Moon Sua
19%
New
19%
Somin
19%
Sunmi
19%
Taki
19%
Wonpil
19%
Yoshi
19%
Youngjae
19%
Harvey
18%
Heechul
18%
Hui
18%
Hyeju
18%
Joohoney
18%
J.seph
18%
Jun. K
18%
Kihyun
18%
Aisha
17%
Changmin
17%
Hyungwon
17%
Jiwon
17%
Maya
17%
Onda
17%
Yiren
17%
Haruto
16%
Hunter
16%
Hyunjae
16%
Jooyeon
16%
Nicholas
16%
O.de
16%
Peniel
16%
Shindong
16%
Yeojin
16%
Younghoon
16%
Jurin
15%
Sangyeon
15%
Siyeon
15%
Asahi
14%
Chaehyun
14%
Chungha
14%
Dayeon
14%
Gahyeon
14%
Jia
14%
Mashiro
14%
Sihyeon
14%
Song
14%
Ej
13%
Jihoon
13%
Ju Haknyeon
13%
Siwon
13%
Yeseo
13%
YooA
13%
Yubin
13%
Gaon
12%
Gunil
12%
Handong
12%
Hinata
12%
Hyerin
12%
Jieun
12%
JUne
12%
Juria
12%
Mimi
12%
Sejeong
12%
Seoyeon
12%
Chisa
11%
Dowoon
11%
Eunji
11%
Fuma
11%
Harua
11%
Hyunsuk
11%
Jooe
11%
Minjae
11%
Taecyeon
11%
Xinyu
11%
Yoohyeon
11%
Yuki
11%
Fei
10%
Hayoung
10%
Jungsu
10%
Jun Han
10%
Junho
10%
Junkyu
10%
Mayu
10%
Sohyun
10%
Sorn
10%
Yechan
10%
Yooyeon
10%
Youngeun
10%
Yuma
10%
Donghae
9%
Eunhyuk
9%
Eunkwang
9%
Jeongwoo
9%
Kotone
9%
Namjoo
9%
Nien
9%
Nina
9%
Ryeowook
9%
Soomin
9%
Sungjae
9%
Sungmin
9%
Swan
9%
Bomi
8%
Haram
8%
Haruna
8%
Jaehyuk
8%
Jiheon
8%
Junghwan
8%
Kaede
8%
Kyuhyun
8%
Lynn
8%
Mako
8%
Nakyoung
8%
Yeonji
8%
Doyeon
7%
Goeun
7%
Gyuri
7%
Jiyeon
7%
Kino
7%
Rio
7%
Saerom
7%
Seunghee
7%
Yeonjung
7%
Yesung
7%
Yuto
7%
Ayaka
6%
Changsub
6%
Chorong
6%
Doeun
6%
Hyunwoo
6%
Joobin
6%
Miihi
6%
Nagyung
6%
Nayoung
6%
Nichkhun
6%
Sullin
6%
Sunhye
6%
Yanan
6%
Yuju
6%
Chaein
5%
Dosie
5%
Eunbin
5%
Hayeon
5%
Hongseok
5%
Hyunsik
5%
Ireh
5%
Jane
5%
Jiana
5%
Jinho
5%
Jinsik
5%
Junghoon
5%
Junmin
5%
Kyulkyung
5%
Rima
5%
Seoah
5%
Sheon
5%
Shion
5%
Siyoon
5%
Sohye
5%
Suhyeon
5%
Wooseok
5%
Yeo One
5%
Yujun
5%
Elkie
4%
Gayoon
4%
Hyojung
4%
Jiyoon
4%
Leetuk
4%
Mayuka
4%
Nicole
4%
Seungyeon
4%
Yeeun
4%
Yoojung
4%
Bora
3%
Chansung
3%
Haeyoon
3%
Hyebin
3%
Jihyun
3%
Jiyoung
3%
Kelly
3%
Nayun
3%
Shinwon
3%
Chaerin
2%
Hyelim
2%
Jokwon
2%
Remi
2%
Seulong
2%
Songsun
2%
Jinwoon
1%
Mire
1%
Krystla
0%
Sunghee
0%
Yunbin
0%
No matching quizzes found
Score Distribution
Percent of People with Each Score
Percentile by Number Answered
Your Score History
You have not taken this quiz